[Event "AUTO-MASTER-1341"]
[Site "http://www.queenalice.com/game.php?id=897612"]
[Date "2011.2.8"]
[Round "1"]
[White "souzaxm"]
[Black "ViniciusCastro"]
[Result "1-0"]
[WhiteElo "2064"]
[BlackElo "1929"]

1. d4 d5 2. c4 dxc4 3. Nc3 Nf6 4. e4 Nc6 5. Be3 Bg4 6. f3 Bh5 7. Bxc4 e6 8. Nge2
Bb4 9. O-O O-O 10. Qe1 a6 11. Qg3 Bg6 12. Rad1 b5 13. Bd3 Nh5 14. Qh3 Na7 15. f4
Nf6 16. g4 h6 17. f5 exf5 18. gxf5 Bh5 19. e5 Bxe2 20. exf6 Qxf6 21. Nxe2 Nc6
22. Be4 Rae8 23. Bxc6 Qxc6 24. f6 Re6 25. d5 Rxe3 26. Qxe3 Qd6 27. fxg7 Kxg7 28.
Qg3+ Qxg3+ 29. Nxg3 Rd8 30. Nf5+ Kh7 31. Kf2 Re8 32. Rg1 Bc5+ 33. Kf3 Bxg1 34.
Rxg1 Re5 35. Rg7+ Kh8 36. Rxf7 Rxd5 37. Kg4 Rd2 38. h4 Rg2+ 39. Kh5 Rxb2 40.
Kxh6 Kg8 41. Kg6 Rg2+ 42. Kf6 Re2 43. Ne7+ 1-0

[Event "AUTO-MASTER-1341"]
[Site "http://www.queenalice.com/game.php?id=897621"]
[Date "2011.2.8"]
[Round "1"]
[White "dadge"]
[Black "souzaxm"]
[Result "1-0"]
[WhiteElo "2157"]
[BlackElo "2106"]

1. e4 e5 2. Nf3 Nf6 3. Bc4 Bc5 4. d3 Nc6 5. O-O d5 6. exd5 Nxd5 7. h3 O-O 8. Bg5
Qd6 9. c3 Bf5 10. Nbd2 Bb6 11. Ne4 Qd7 12. b4 f6 13. Bh4 a6 14. a4 Rad8 15. Qb3
Kh8 16. a5 Nf4 17. axb6 Bxh3 18. Bg3 Bxg2 19. Bxf4 Bxf3 20. Be6 Qe8 21. bxc7
Qg6+ 22. Bg3 Rxd3 23. Nc5 Nd4 24. cxd4 Rxb3 25. Nxb3 f5 26. Nd2 e4 27. c8=Q Rxc8
28. Bxc8 Qh5 29. Nxf3 exf3 30. Bxb7 Qg4 31. Rxa6 h5 32. Ra3 f4 33. Bxf3 Qg6 34.
Ra5 fxg3 35. Rxh5+ Kg8 36. Bd5+ Kf8 37. fxg3+ Ke7 38. Re5+ 1-0

[Event "AUTO-MASTER-1341"]
[Site "http://www.queenalice.com/game.php?id=897622"]
[Date "2011.2.8"]
[Round "1"]
[White "souzaxm"]
[Black "dadge"]
[Result "1-0"]
[WhiteElo "2088"]
[BlackElo "2146"]

1. d4 d5 2. c4 e6 3. Nc3 Nf6 4. Nf3 Be7 5. Bf4 h6 6. e3 c6 7. Bd3 Na6 8. Rc1 Nb4
9. O-O Nxd3 10. Qxd3 dxc4 11. Qxc4 Nd5 12. Bg3 O-O 13. Rfd1 Bd7 14. a4 Qb6 15.
Ne5 Be8 16. e4 Nf6 17. Nd3 Rd8 18. Nc5 Bd7 19. b4 Bxc5 20. dxc5 Qa6 21. b5 cxb5
22. axb5 Qa5 23. Ra1 Bxb5 24. Nxb5 Rxd1+ 25. Rxd1 Nxe4 26. Qxe4 Qxb5 27. Bd6 Rc8
28. Rb1 Qc6 29. Qxc6 Rxc6 30. Rxb7 Ra6 31. g3 Ra1+ 32. Kg2 a5 33. Rb5 a4 34. c6
a3 35. c7 Rc1 36. Bc5 a2 37. c8=Q+ Kh7 38. Ra5 Rxc5 39. Qxc5 a1=Q 40. Rxa1 1-0

[Event "AUTO-MASTER-1348"]
[Site "http://www.queenalice.com/game.php?id=901220"]
[Date "2011.2.16"]
[Round "1"]
[White "mad_knight"]
[Black "souzaxm"]
[Result "0-1"]
[WhiteElo "2286"]
[BlackElo "2030"]

1. e4 e5 2. Nf3 Nf6 3. Nxe5 d6 4. Nf3 Nxe4 5. Nc3 Nf6 6. d4 d5 7. Bd3 Bd6 8. O-O
O-O 9. Bg5 c6 10. Ne5 Re8 11. Bxh7+ Kxh7 12. Qd3+ Kg8 13. Rfe1 Nbd7 0-1

[Event "AUTO-MASTER-1348"]
[Site "http://www.queenalice.com/game.php?id=901221"]
[Date "2011.2.16"]
[Round "1"]
[White "souzaxm"]
[Black "mad_knight"]
[Result "0-1"]
[WhiteElo "2085"]
[BlackElo "2315"]

1. d4 d5 2. c4 e6 3. Nc3 Nf6 4. Nf3 c5 5. e3 Nc6 6. Bd3 dxc4 7. Bxc4 a6 8. a4
Be7 9. O-O O-O 10. dxc5 Bxc5 11. Qe2 Qc7 12. b3 Rd8 13. Bb2 Na5 14. Rfd1 Bd7 15.
Rac1 Bc6 16. Na2 Ng4 17. e4 Bxf2+ 18. Kh1 Be3 19. Rf1 Rd2 0-1

[Event "AUTO-MASTER-1348"]
[Site "http://www.queenalice.com/game.php?id=901240"]
[Date "2011.2.16"]
[Round "1"]
[White "souzaxm"]
[Black "Artking"]
[Result "1-0"]
[WhiteElo "1988"]
[BlackElo "1964"]

1. d4 Nf6 2. c4 c5 3. Nf3 g6 4. Nc3 cxd4 5. Nxd4 Bg7 6. e4 d6 7. Be2 a6 8. O-O
Bd7 9. Bg5 Nc6 10. Nf3 O-O 11. Qd2 Rc8 12. Rfd1 Ng4 13. h3 Nge5 14. Nxe5 Nxe5
15. b3 Be6 16. Rac1 Qa5 17. Bxe7 Rc7 18. Bxd6 Rd7 19. Nd5 Bxd5 20. Qxa5 1-0

[Event "AUTO-MASTER-1348"]
[Site "http://www.queenalice.com/game.php?id=901241"]
[Date "2011.2.16"]
[Round "1"]
[White "Artking"]
[Black "souzaxm"]
[Result "0-1"]
[WhiteElo "1964"]
[BlackElo "2010"]

1. d4 Nf6 2. c4 e6 3. Nc3 d5 4. cxd5 exd5 5. Nf3 Bd6 6. Bg5 c6 7. Qc2 O-O 8. e3
Bg4 9. Bd3 h6 10. Bh4 Bxf3 11. gxf3 Nbd7 12. O-O-O Re8 13. Ne2 c5 14. dxc5 Rc8
15. Kb1 Nxc5 16. Bh7+ Kh8 17. Bf5 Rc6 18. Nd4 Ra6 19. Nb5 Qa5 20. Nc3 Be5 21.
Bxf6 Bxf6 22. Rxd5 Bxc3 23. Qxc3 Qxa2+ 24. Kc2 Qxd5 0-1

[Event "Challenge"]
[Site "http://www.queenalice.com/game.php?id=902185"]
[Date "2011.2.18"]
[Round "-"]
[White "souzaxm"]
[Black "CCapivara"]
[Result "0-1"]
[WhiteElo "2099"]
[BlackElo "2171"]

1. d4 d5 2. c4 e5 3. dxe5 d4 4. Nf3 Nc6 5. g3 Bg4 6. Nbd2 Nge7 7. Bg2 Ng6 8. Qb3
Bb4 9. O-O Qd7 10. a3 Bxd2 11. Bxd2 O-O-O 12. Rfe1 h5 13. Bg5 Rde8 14. Rad1 Bxf3
15. exf3 Ngxe5 16. Bf4 f6 17. Bxe5 fxe5 18. Qc2 h4 19. h3 hxg3 20. fxg3 Qd6 21.
b4 e4 22. Rxe4 Qxg3 23. Rde1 Ne5 24. Qf2 Qxf2+ 25. Kxf2 Nd3+ 26. Kf1 Nxe1 27.
Rxe1 Rxe1+ 28. Kxe1 Re8+ 29. Kd2 Re3 0-1

[Event "Challenge"]
[Site "http://www.queenalice.com/game.php?id=902186"]
[Date "2011.2.18"]
[Round "-"]
[White "CCapivara"]
[Black "souzaxm"]
[Result "1-0"]
[WhiteElo "2156"]
[BlackElo "2046"]

1. e4 e5 2. f4 exf4 3. Nf3 g5 4. Bc4 d6 5. O-O h6 6. d4 Bg7 7. c3 Nc6 8. Re1 Nf6
9. e5 dxe5 10. Nxe5 O-O 11. Nxc6 bxc6 12. Nd2 Bg4 13. Qc2 Nd5 14. Nf3 Bxf3 15.
gxf3 Qd7 16. Bd2 Qh3 17. Qd3 Rfe8 18. Re4 f5 19. Rxe8+ Rxe8 20. b4 Kh8 21. b5
Ne3 22. Qe2 Qh5 23. bxc6 Nc2 24. Qf1 Nxa1 25. Qxa1 Qxf3 26. Qf1 Qxf1+ 27. Kxf1
Kh7 28. Bc1 Kg6 29. Ba3 Re3 30. Bb4 Bf6 31. Ba5 Bd8 32. d5 Re5 33. Kf2 1-0